Miasta gospodarze Euro 2012 - Statystyki

Ogólne statystyki
  • Ten quiz został rozwiązany 100 razy
  • Średni wynik to 7 z 8
Statystyki odpowiedzi
Miasto % Poprawnych
Warszawa
100%
Kijów
99%
Gdańsk
98%
Wrocław
96%
Poznań
92%
Lwów
89%
Charków
77%
Donieck
75%
Nie znaleziono quizów pasujących do podanych kryteriów
Rozkład punktacji
Procent ludzi z każdym wynikiem
Percentyl według liczby udzielonych odpowiedzi
Twoja historia wyników
Nie rozwiązałeś tego quizu